| 000 | 00551nam a22001577a 4500 | ||
|---|---|---|---|
| 003 | NUST | ||
| 038 | _aNusrat Nadeem | ||
| 082 | _a200 | ||
| 100 |
_aKarim, Hira _9132654 |
||
| 245 |
_aSustainable and Green Utility of Amino Acids based Ionic Liquids for CO2 Sorption: Computational and Experimental Investigations/ _cHira Karim |
||
| 264 |
_aIslamabad: _bSNS NUST. _c2025. |
||
| 650 |
_aPhD-Chemistry _9123166 |
||
| 700 |
_aSupervisor: Dr. Muhammad Arfan _9132655 |
||
| 856 | _u http://10.250.8.41:8080/xmlui/handle/123456789/57057 | ||
| 942 |
_2ddc _cSC |
||
| 999 |
_c615745 _d615745 |
||